000 00799nam a22002417a 4500
999 _c384169
_d384169
001 97925
003 UA-OsUOA
005 20200302142631.0
007 ta
008 20130408b un ||||| |||| 00| 0 ukr d
040 _aUA-OsUOA
_brus
_cUA-OsUOA
_dUA-OsUOA
041 _arus
080 _a821.161.1
090 _a821.161.1
_bП16
100 _aПанова В.
245 _aИзбраные произведения в 2-х томах: спутники. кружилиха. сережа
_nт. 1
260 _aЛенинград
_bХудожественная литература
_c1980
300 _a533 с.
650 7 _a82 Література. Літературознавство
_2UDC
942 _cBK
_2udc
955 _a3